| 000 | 01089nam a2200301 4500 | ||
|---|---|---|---|
| 001 | 0000018360 | ||
| 003 | CO-CtgCURN | ||
| 005 | 20250429224119.0 | ||
| 007 | ta | ||
| 008 | 160627s1994 000 0 eng d | ||
| 040 |
_aCO-CtgCURN _bspa _ccoctgcurn |
||
| 082 | 0 |
_a370 _bA94p |
|
| 100 | 1 | _aAvila Penagos, Rafael. | |
| 245 | 1 | 0 |
_aPedagogia y auto-regulacion cultural / _cRafael Avila Penagos. |
| 250 | _a2a ed. | ||
| 260 |
_aBogotá : _bAntropos, _c1994. |
||
| 300 | _a148 p. | ||
| 336 | _2rdacontent | ||
| 337 |
_2rdamedia _asin mediacion _bn |
||
| 338 |
_2rdacarrier _avolumen _bnc |
||
| 500 | _aIncluye anexo: Lectura pedagogica de ocho textos de Durkheim. | ||
| 504 | _aBibliografia (p. 129-131) | ||
| 505 | 8 | _aEl marco macro de la crisis.--La funcion de los pedagogos.--Pedagogia y disciplinas prospectivas.--Pedagogia y disciplinas hermeneutico-criticas.--Pedagogia y culturas cientificas.--Pedagoiia y polĂtica | |
| 650 | 1 | 4 | _aPedagogia. |
| 908 | _a160627 | ||
| 942 |
_cBK _h370 _iA94p _2ddc |
||
| 999 |
_c39352 _d39352 |
||